000
00262nam a22001217a 4500
040
_c
SY
082
_a
630
100
_a
ជួង សុផល
245
_a
កសិកម្មសមស្រប
260
_a
RUA
_b
ជួង
_c
NA
300
_a
26p.
942
_c
KB
999
_c
9572
_d
9572